Zama /

محفوظ في:
التفاصيل البيبلوغرافية
المؤلف الرئيسي: Martel, Lucrecia (realización)
مؤلفون آخرون: Martel, Lucrecia (guión) (guión), Poças, Rui (fotógrafo) (fotógrafo), Suárez, Julio (vestuario) (vestuario), Schverdfinger, Miguel (montaje) (montaje), Harley, Karen (montaje) (montaje), Giménez Cacho, Daniel (actuación) (actuación), Dueñas, Lola (actuación) (actuación), Nachtergaele, Matheus (actuación) (actuación)
التنسيق: شريحة
اللغة:الإسبانية
منشور في: Buenos Aires, Argentina : Rei Cine, 2017, c2017
الموضوعات:
الوسوم: إضافة وسم
لا توجد وسوم, كن أول من يضع وسما على هذه التسجيلة!

MARC

LEADER 00000ngm^a2200000^a^4500
001 000416229
005 20250521000000.0
009 20260310122319.978
037 |a Acervo ITESO - Biblioteca 
041 |a ESP 
082 |a Ar 860.  |b MAR 
100 |a Martel, Lucrecia  |e (realización) 
240 1 1 |a [Zama] 
240 1 1 |a [Zama. Adaptaciones] 
240 1 1 |a [Zama, de Lucrecia Martel] 
245 1 0 |a Zama /  |c Realización de L. Martel. 
264 4 |a Buenos Aires, Argentina :  |b Rei Cine,  |c 2017, c2017 
264 2 |a Los Angeles, EUA :  |b Strand Releasing [distribución],  |c 2018, c2018 
300 |a 1 blu-ray región A (115 min.) :  |b color 
336 |a imagen móvil bidimensional  |b tdi  |2 rdacontenido 
337 |a video  |b v  |2 rdamedio 
338 |a videodisco  |b vd  |2 rdasoporte 
500 |a Basado en: Zama, de Antonio di Benedetto 
585 |a Festival Internacional de Cine de Venecia (74°: 2017): Participante mexicana-argentina de coproducción multinacional, sección oficial fuera de concurso 
586 |a Gran Premio de la Federación Internacional de la Prensa Cinematográfica (FIPRESCI) a la Mejor Película del Año 2018 (finalista) 
586 |a Premio Fénix, del Cine Iberoamericano (5º: 2018): Mejor Película (finalista) 
586 |a Premio Fénix, del Cine Iberoamericano (5º: 2018): Mejor Dirección (finalista: Lucrecia Martel) 
586 |a Premio Fénix, del Cine Iberoamericano (5º: 2018): Mejor Actor (finalista: Daniel Giménez Cacho, actor mexicano) 
586 |a Premio Fénix, del Cine Iberoamericano (5º: 2018): Película con más premios (4) 
586 |a Premio Fénix, del Cine Iberoamericano (5º: 2018): Película con más candidaturas finalistas (9) 
586 |a Premio Platino, del Cine Iberoamericano (5º: 2018): Mejor Película (finalista) 
586 |a Premio Platino, del Cine Iberoamericano (5º: 2018): Mejor Dirección (finalista: Lucrecia Martel) 
586 |a Premio Platino, del Cine Iberoamericano (5º: 2018): Mejor Actor (finalista: Daniel Giménez Cacho, actor mexicano) 
586 |a Premio Sur, de la Academia Argentina de Cine (12º: 2017): Mejor Película (ganadora) 
586 |a Premio Sur, de la Academia Argentina de Cine (12º: 2017): Mejor Dirección (ganadora: Lucrecia Martel) 
586 |a Premio Sur, de la Academia Argentina de Cine (12º: 2017): Mejor Actor (ganador: Daniel Giménez Cacho, actor mexicano) 
586 |a Premio Sur, de la Academia Argentina de Cine (12º: 2017): Película con más premios (10) 
586 |a Premio Sur, de la Academia Argentina de Cine (12º: 2017): Película con más candidaturas finalistas (11) 
586 |a Premio Cóndor de Plata, de la Asociación de Cronistas Cinematográficos de Argentina (66º: 2018): Mejor Película (ganadora) 
586 |a Premio Cóndor de Plata, de la Asociación de Cronistas Cinematográficos de Argentina (66º: 2018): Mejor Dirección (ganadora: Lucrecia Martel) 
586 |a Premio Cóndor de Plata, de la Asociación de Cronistas Cinematográficos de Argentina (66º: 2018): Mejor Actor (finalista: Daniel Giménez Cacho, actor mexicano) 
586 |a Premio Cóndor de Plata, de la Asociación de Cronistas Cinematográficos de Argentina (66º: 2018): Película con más premios (8) 
586 |a Premio Cóndor de Plata, de la Asociación de Cronistas Cinematográficos de Argentina (66º: 2018): Película con más candidaturas finalistas (12) 
586 |a Premio Ariel, de la Academia Mexicana de Cine (60º: 2018): Mejor Película Iberoamericana (finalista, representante de Argentina) 
586 |a Premio Goya, de la Academia Española de Cine (32º: 2018): Mejor Película Iberoamericana (finalista, representante de Argentina) 
586 |a Mejores Películas del Cine Argentino: Encuesta de las revistas Taipei, La Tierra Quema y La Vida Util (2022): 19ª, ex aequo 
586 |a Mejores Películas de la Historia Dirigidas por Mujeres: Encuesta de la BBC (2019): 30ª 
586 |a Diseño de Indumentaria y Moda: Premio Fénix, del Cine Iberoamericano (5º: 2018): (finalista: Julio Suárez) 
586 |a Diseño de Indumentaria y Moda: Premio Sur, de la Academia Argentina de Cine (12º: 2017): Mejor Diseño de Vestuario (ganador: Julio Suárez) 
586 |a Diseño de Indumentaria y Moda: Premio Cóndor de Plata, de la Asociación de Cronistas Cinematográficos de Argentina (66º: 2018): Mejor Diseño de Vestuario (ganador: Julio Suárez) 
649 |a XX 
650 |a Películas Históricas 
650 |a Dramas Cinematográficos 
650 |a Cine de Mujeres -  |z Argentina 
650 |a Cine Argentino -  |y 2010-2019 
650 |a Cine Argentino -  |y Siglo XXI 
650 |a Novela Argentina -  |x Adaptaciones para Cine 
650 |a Literatura Argentina -  |y Siglo XX -  |x Adaptaciones para Cine 
650 |a Literatura y Cine 
650 |a Alienación -  |x Tema Principal 
650 |a Desesperación -  |x Tema Principal 
650 |a Esperanza 
650 |a Soledad 
650 |a Psicopatología 
650 |a Existencialismo 
650 |a Paraguay -  |x Historia -  |y Siglo XVIII 
650 |a Paraguay -  |x Historia -  |y Epoca Colonial, 1537-1814 
700 |a Martel, Lucrecia  |e (guión) 
700 |a Poças, Rui  |e (fotógrafo) 
700 |a Suárez, Julio  |e (vestuario) 
700 |a Schverdfinger, Miguel  |e (montaje) 
700 |a Harley, Karen  |e (montaje) 
700 |a Giménez Cacho, Daniel  |e (actuación) 
700 |a Dueñas, Lola  |e (actuación) 
700 |a Nachtergaele, Matheus  |e (actuación) 
910 |a Fondo General 
920 |a Audiovisuales - Blu-rays 
940 |a Películas 
905 |a 303 
901 |a 0500325197  |b IT2  |c BRS  |i C166925  |u 20250521 
902 |a https://opac.biblio.iteso.mx/vufind/Record/000416229